[Event "Glorney Cup"]
[Site "Paisley"]
[Date "2018.07.17"]
[Round "4.8"]
[White "Weisman, Nathan"]
[Black "Volland, Ben"]
[Result "1-0"]
[WhiteElo "2003"]
[BlackElo "1887"]
[PlyCount "71"]
[EventDate "2018.??.??"]
[WhiteClock "0:01:05"]
[BlackClock "0:20:06"]

1. e4 e5 2. Nf3 Nc6 3. d4 exd4 4. Nxd4 Bc5 5. Nb3 Bb6 6. Nc3 Nge7 7. Qe2 d6 8.
Be3 Bxe3 9. Qxe3 Be6 10. f4 f6 11. O-O-O O-O 12. Rg1 a5 13. g4 a4 14. Nc5 Qc8
15. Nxe6 Qxe6 16. Qg3 Ra5 17. h4 Nb4 18. Kb1 Rc5 19. a3 Nbc6 20. g5 f5 21. Bd3
d5 22. exf5 Nxf5 23. Qh3 Ncd4 24. Rge1 Qd6 25. Bxf5 Nxf5 26. Ne4 dxe4 27. Rxd6
Nxd6 28. Qe6+ Kh8 29. Qd7 Kg8 30. Qe6+ Kh8 31. Qe7 Kg8 32. Rf1 Re8 33. Qd7 b5
34. h5 Rf8 35. Qe6+ Rf7 36. g6 1-0

[Event "Glorney Cup"]
[Site "Paisley"]
[Date "2018.07.17"]
[Round "4.9"]
[White "Sanger, Jake M"]
[Black "Naillou, Thomas"]
[Result "1-0"]
[WhiteElo "1841"]
[BlackElo "2008"]
[PlyCount "67"]
[EventDate "2018.??.??"]

1. d4 Nf6 2. Nf3 d5 3. Bf4 c5 4. e3 Nc6 5. Nc3 a6 6. dxc5 e6 7. Na4 Ne4 8. Nb6
Ra7 9. Nxc8 Qxc8 10. Be2 Bxc5 11. O-O b5 12. c3 O-O 13. a4 b4 14. cxb4 Bxb4 15.
Rc1 Qb7 16. Qc2 Na5 17. Bd3 Be7 18. Bxe4 dxe4 19. Nd2 f5 20. Be5 Bf6 21. Bxf6
Rxf6 22. Qc3 Qb6 23. b4 Nb7 24. a5 Qd6 25. Nc4 Qe7 26. Rfd1 Rh6 27. Ne5 Nd6 28.
Qd4 Ne8 29. Qd8 Rf6 30. Nc6 Qxd8 31. Rxd8 Rc7 32. Rxe8+ Rf8 33. Ne7+ Kf7 34.
Rxf8+ 1-0

[Event "Glorney Cup"]
[Site "Paisley"]
[Date "2018.07.17"]
[Round "4.10"]
[White "Dreyfus, Jacques"]
[Black "Pannwitz, Kai"]
[Result "1-0"]
[WhiteElo "1953"]
[BlackElo "1779"]
[PlyCount "73"]
[EventDate "2018.??.??"]
[WhiteClock "0:06:39"]
[BlackClock "0:01:46"]

1. e4 c5 2. Nf3 d6 3. d4 cxd4 4. Nxd4 Nf6 5. Nc3 a6 6. Be3 e5 7. Nb3 Be7 8. f3
Be6 9. Qd2 O-O 10. O-O-O a5 11. a4 Na6 12. Qf2 Qc8 13. Kb1 Nb4 14. g4 Rd8 15.
Bb6 Rf8 16. h4 d5 17. exd5 Nfxd5 18. Nxd5 Bxd5 19. Bd3 Qc6 20. Bb5 Qe6 21. Nc1
Rfc8 22. c3 Na6 23. Rhe1 Bc6 24. Bxc6 Rxc6 25. Be3 Qc4 26. Qc2 b5 27. Bf2 bxa4
28. Re4 Qb5 29. Qxa4 Qb7 30. Rxe5 Rb8 31. Re2 Re6 32. Rd7 Qxd7 33. Qxd7 Rxe2
34. Nxe2 Ba3 35. Kc1 Bxb2+ 36. Kc2 Ba3 37. Qa7 1-0

[Event "Glorney Cup"]
[Site "Paisley"]
[Date "2018.07.17"]
[Round "4.11"]
[White "Fowler, Hugo"]
[Black "Hilwerda, Jonas"]
[Result "0-1"]
[WhiteElo "1778"]
[BlackElo "2135"]
[PlyCount "64"]
[EventDate "2018.??.??"]
[WhiteClock "1:30:52"]
[BlackClock "1:16:23"]

1. Nf3 Nf6 2. g3 b6 3. Bg2 Bb7 4. O-O g6 5. c4 Bg7 6. Nc3 O-O 7. d4 Ne4 8. Bd2
e6 9. d5 Nd6 10. b3 f5 11. Rc1 e5 12. Bg5 Qe8 13. Qd2 Nf7 14. Be3 d6 15. b4 Na6
16. a3 h6 17. h4 Bc8 18. Rfd1 Qe7 19. Na4 Bd7 20. b5 Kh7 21. Qc2 Nc5 22. Nxc5
dxc5 23. Kh2 e4 24. Ne1 Ne5 25. Bh3 f4 26. Bxf4 Rxf4 27. Bxd7 Rxf2+ 28. Kg1
Qxd7 29. Kxf2 Qh3 30. Ng2 Ng4+ 31. Ke1 Qxg2 32. Qc3 e3 0-1

[Event "Glorney Cup"]
[Site "Paisley"]
[Date "2018.07.17"]
[Round "4.12"]
[White "Baselmans, Luuk"]
[Black "Camp, Imogen A L"]
[Result "1/2-1/2"]
[WhiteElo "2082"]
[BlackElo "1874"]
[PlyCount "75"]
[EventDate "2018.??.??"]
[WhiteClock "0:18:40"]
[BlackClock "0:48:07"]

1. e4 e5 2. Nf3 Nc6 3. d4 exd4 4. Bc4 Nf6 5. e5 d5 6. Bb5 Ne4 7. Nxd4 Bd7 8.
Bxc6 bxc6 9. O-O Bc5 10. f3 Ng5 11. f4 Ne4 12. Be3 O-O 13. Nd2 f5 14. Qe2 Bb6
15. N4b3 a5 16. Nxe4 fxe4 17. Nc5 Qe7 18. Qf2 Rab8 19. b3 g5 20. Nxd7 Qxd7 21.
Bxb6 cxb6 22. Qg3 g4 23. f5 h5 24. e6 Qe7 25. h3 Rb7 26. hxg4 Qc5+ 27. Qf2 e3
28. Qe2 hxg4 29. f6 Rh7 30. e7 Re8 31. Qxg4+ Kf7 32. Qf5 Reh8 33. e8=Q+ Kxe8
34. f7+ Kf8 35. Qc8+ Kg7 36. Qg4+ Kf8 37. Qc8+ Kg7 38. Qg4+ 1/2-1/2

[Event "Glorney Cup"]
[Site "Paisley"]
[Date "2018.07.17"]
[Round "4.13"]
[White "Evans, James"]
[Black "Kouwenhoven, Derk"]
[Result "0-1"]
[WhiteElo "1559"]
[BlackElo "1994"]
[PlyCount "76"]
[EventDate "2018.??.??"]
[WhiteClock "0:47:48"]
[BlackClock "0:01:02"]

1. e4 e5 2. Bc4 Nf6 3. d4 exd4 4. Nf3 Nc6 5. O-O Nxe4 6. Re1 d5 7. Bxd5 Qxd5 8.
Nc3 Qh5 9. Nxe4 Be6 10. Bg5 h6 11. Bh4 Bb4 12. Re2 O-O 13. Bg3 Ba5 14. a3 Bb6
15. b4 Bg4 16. Ned2 Rfe8 17. h3 Be6 18. Re1 a6 19. Ne4 Bd5 20. Qd3 Qg6 21. Nfd2
Ne5 22. Bxe5 Rxe5 23. Re2 f5 24. Ng3 Rxe2 25. Qxe2 Qxg3 26. fxg3 d3+ 27. Qf2
dxc2 28. Rc1 Re8 29. Qxb6 cxb6 30. Rxc2 Re3 31. Kf2 Rxa3 32. Rb2 Kf7 33. Nf3
Kf6 34. Rd2 Ra2 35. Rxa2 Bxa2 36. Ke3 Bd5 37. Ne1 Bc6 38. Kf4 a5 0-1

[Event "Glorney Cup"]
[Site "Paisley"]
[Date "2018.07.17"]
[Round "4.14"]
[White "Reichardt, Robin"]
[Black "Fowler, Caspian"]
[Result "1-0"]
[WhiteElo "1972"]
[BlackElo "1404"]
[PlyCount "57"]
[EventDate "2018.??.??"]
[WhiteClock "0:19:58"]
[BlackClock "0:16:24"]

1. d4 Nf6 2. Nf3 g6 3. c4 Bg7 4. Nc3 d5 5. cxd5 Nxd5 6. e4 Nxc3 7. bxc3 O-O 8.
Bc4 c5 9. O-O Qa5 10. Qb3 Nc6 11. Be3 Rd8 12. Bxf7+ Kh8 13. Bd5 cxd4 14. Ng5
Rf8 15. Bxc6 bxc6 16. cxd4 h5 17. Ne6 Rg8 18. Nxg7 Kxg7 19. Rfd1 Bd7 20. d5
Rab8 21. Qc4 Qc7 22. e5 Rgf8 23. e6 Be8 24. Qd4+ Kh7 25. g3 a6 26. Bf4 Rxf4 27.
Qxf4 Qxf4 28. gxf4 Rb4 29. d6 1-0

[Event "Glorney Cup"]
[Site "Paisley"]
[Date "2018.07.17"]
[Round "4.15"]
[White "Jaberansari, Daniel"]
[Black "Klein, Jorik"]
[Result "0-1"]
[WhiteElo "1440"]
[BlackElo "1875"]
[PlyCount "74"]
[EventDate "2018.??.??"]
[WhiteClock "0:31:39"]
[BlackClock "0:43:18"]

1. e4 c5 2. c3 Nf6 3. e5 Nd5 4. Nf3 e6 5. d4 cxd4 6. cxd4 Be7 7. Bd3 d6 8. O-O
O-O 9. Qc2 h6 10. Be4 Nc6 11. a3 Bd7 12. Bxd5 exd5 13. exd6 Bxd6 14. Nc3 Be6
15. Be3 Rc8 16. Qd2 Qf6 17. Ne2 Bg4 18. Ne5 Bxe2 19. Qxe2 Nxe5 20. dxe5 Qxe5
21. f4 Qe4 22. Qf3 Bc5 23. Bxc5 Rxc5 24. Qb3 b6 25. f5 Rc6 26. Rad1 Rd8 27. Rd3
Rf6 28. Re3 Qd4 29. Kh1 Qc4 30. Qd1 d4 31. Rg3 d3 32. Rf2 d2 33. Rc3 Qd4 34.
Rff3 Re8 35. Rf1 Rxf5 36. Rcf3 Rxf3 37. Qxf3 Qf6 0-1

[Event "Glorney Cup"]
[Site "Paisley"]
[Date "2018.07.18"]
[Round "5.1"]
[White "Hilwerda, Jonas"]
[Black "Flynn, Jacob"]
[Result "1-0"]
[WhiteElo "2135"]
[BlackElo "1917"]
[PlyCount "107"]
[EventDate "2018.??.??"]
[WhiteClock "0:17:05"]
[BlackClock "0:02:47"]

1. d4 Nf6 2. Bf4 d5 3. e3 c5 4. Nc3 a6 5. dxc5 Nc6 6. a3 e5 7. Bg5 Be6 8. Bxf6
gxf6 9. Na4 Rc8 10. b4 Bg7 11. Nb6 Rc7 12. Nf3 f5 13. c3 f4 14. Qd2 Bh6 15. e4
dxe4 16. Qxd8+ Kxd8 17. Rd1+ Ke7 18. Nd2 e3 19. fxe3 fxe3 20. Ndc4 f5 21. Nd6
Kf6 22. Be2 Ne7 23. O-O Kg6 24. Rfe1 Ng8 25. Bc4 Bxc4 26. Ndxc4 f4 27. Nxe5+
Kf5 28. Nbd7 Nf6 29. Nxf6 Kxf6 30. Nd7+ Ke7 31. Nb6 Kf7 32. Rd6 Kg7 33. Kf1 Rf8
34. Ke2 Bg5 35. Red1 Rcf7 36. Rd7 Bf6 37. c4 Kg6 38. R7d6 Rg8 39. Nd7 Kg7 40.
Nxf6 Rxf6 41. Rxf6 Kxf6 42. Kf3 Ke7 43. g3 fxg3 44. hxg3 Kf6 45. Rd3 e2 46.
Kxe2 Rg4 47. Rc3 Ke5 48. Kf3 h5 49. Re3+ Kd4 50. Re7 Kxc4 51. Rxb7 a5 52. c6
Rg8 53. c7 Rc8 54. b5 1-0

[Event "Glorney Cup"]
[Site "Paisley"]
[Date "2018.07.18"]
[Round "5.2"]
[White "Carroll, Peter"]
[Black "Baselmans, Luuk"]
[Result "0-1"]
[WhiteElo "1742"]
[BlackElo "2082"]
[PlyCount "92"]
[EventDate "2018.??.??"]
[WhiteClock "0:08:31"]
[BlackClock "0:25:20"]

1. e4 e6 2. d4 d5 3. Nc3 Nf6 4. e5 Nfd7 5. f4 c5 6. Nf3 Nc6 7. Be3 cxd4 8. Nxd4
Bc5 9. Qd2 O-O 10. O-O-O a6 11. Qf2 Nxd4 12. Bxd4 Qc7 13. Bd3 b5 14. h4 b4 15.
Na4 Bxd4 16. Qxd4 a5 17. h5 Ba6 18. h6 g6 19. Kb1 Rfc8 20. Rc1 Qc6 21. b3 Bb5
22. Bxb5 Qxb5 23. Qf2 Rc7 24. g4 Rac8 25. f5 Nc5 26. Nxc5 Qxc5 27. Rhf1 Qe7 28.
fxe6 Qxe6 29. Qf6 Qxf6 30. Rxf6 Rc6 31. Rcf1 R8c7 32. R1f2 d4 33. Rxc6 Rxc6 34.
Rd2 g5 35. Rxd4 Rxh6 36. c4 bxc3 37. Ra4 Rh4 38. Kc2 h5 39. Rxa5 Rxg4 40. Rd5
h4 41. a4 h3 42. Rd1 Rg2+ 43. Kxc3 h2 44. Rh1 g4 45. a5 g3 46. a6 Ra2 0-1

[Event "Glorney Cup"]
[Site "Paisley"]
[Date "2018.07.18"]
[Round "5.3"]
[White "Kouwenhoven, Derk"]
[Black "Zelenchuk, Daniil"]
[Result "0-1"]
[WhiteElo "1994"]
[BlackElo "1700"]
[PlyCount "82"]
[EventDate "2018.??.??"]

1. e4 c5 2. Nf3 d6 3. d4 cxd4 4. Nxd4 Nf6 5. Nc3 g6 6. Be3 Bg7 7. f3 Nc6 8. Qd2
O-O 9. g4 Bd7 10. h4 h5 11. g5 Ne8 12. O-O-O Nc7 13. f4 Rc8 14. Be2 Ne6 15.
Nxe6 Bxe6 16. Nd5 Kh7 17. Kb1 Na5 18. Bd4 Nc4 19. Bxc4 Rxc4 20. Bxg7 Kxg7 21.
Rde1 Re8 22. b3 Rc5 23. Re3 Qc8 24. Rf1 Bxd5 25. exd5 Qf5 26. Qd4+ Kg8 27. Rd3
Rec8 28. Rf2 R8c7 29. Rdd2 b5 30. Qd3 Rxc2 31. Qxf5 Rc1+ 32. Kb2 gxf5 33. a3
Rh1 34. Rc2 Rxc2+ 35. Kxc2 Rxh4 36. Kc3 a5 37. Rf3 Rh1 38. a4 bxa4 39. bxa4 h4
40. Kc4 h3 41. Kb5 Rb1+ 0-1

[Event "Glorney Cup"]
[Site "Paisley"]
[Date "2018.07.18"]
[Round "5.4"]
[White "Nolan, Dermot"]
[Black "Reichardt, Robin"]
[Result "1-0"]
[WhiteElo "1762"]
[BlackElo "1972"]
[PlyCount "61"]
[EventDate "2018.??.??"]
[WhiteClock "0:05:02"]
[BlackClock "0:56:49"]

1. e4 e5 2. Nf3 Nc6 3. Bb5 a6 4. Ba4 Nf6 5. O-O Be7 6. Re1 b5 7. Bb3 O-O 8. h3
Bb7 9. c3 d5 10. exd5 Nxd5 11. Nxe5 Nxe5 12. Rxe5 Nf4 13. d4 Nxg2 14. Qg4 Nh4
15. Nd2 Ng6 16. Ne4 Nxe5 17. dxe5 Bxe4 18. Qxe4 Kh8 19. Bc2 g6 20. Bh6 Rg8 21.
Bb3 Bg5 22. Rd1 Qe7 23. Bxg5 Qxg5+ 24. Kh2 Rad8 25. Rxd8 Rxd8 26. Bxf7 Qf5 27.
Qxf5 gxf5 28. e6 Rd2 29. e7 Rxf2+ 30. Kg3 Re2 31. e8=Q+ 1-0

[Event "Glorney Cup"]
[Site "Paisley"]
[Date "2018.07.18"]
[Round "5.5"]
[White "Klein, Jorik"]
[Black "Moran, Darragh"]
[Result "1/2-1/2"]
[WhiteElo "1875"]
[BlackElo "1734"]
[PlyCount "42"]
[EventDate "2018.??.??"]

1. d4 d5 2. Nf3 Nf6 3. e3 e6 4. c4 c6 5. Bd3 Nbd7 6. O-O Bd6 7. b3 e5 8. dxe5
Nxe5 9. Bb2 Nxd3 10. Qxd3 O-O 11. Ba3 Bxa3 12. Nxa3 Qe7 13. Nc2 dxc4 14. Qxc4
Be6 15. Qh4 Rad8 16. Rad1 Nd5 17. Qxe7 Nxe7 18. Nfd4 Bf5 19. Nxf5 Nxf5 20. Na3
Rfe8 21. Nc4 b6 1/2-1/2

[Event "Glorney Cup"]
[Site "Paisley"]
[Date "2018.07.18"]
[Round "5.6"]
[White "Abdulla, Murad"]
[Black "Fowler, Hugo"]
[Result "1-0"]
[WhiteElo "2281"]
[BlackElo "1778"]
[PlyCount "123"]
[EventDate "2018.??.??"]
[WhiteClock "0:01:08"]
[BlackClock "0:02:55"]

1. e4 e5 2. Nf3 Nc6 3. Bc4 Bc5 4. d3 Nf6 5. c3 a6 6. O-O Ba7 7. a4 d6 8. h3 Be6
9. Na3 Ne7 10. Re1 Ng6 11. d4 O-O 12. Bf1 Re8 13. Qc2 Nh5 14. Kh2 h6 15. g3 Qf6
16. Bg2 c6 17. Be3 b5 18. Rad1 Red8 19. Rd2 Qe7 20. Red1 Rdb8 21. b4 Nf6 22.
Ng1 c5 23. bxc5 dxc5 24. d5 Bd7 25. axb5 axb5 26. Rb1 c4 27. Bxa7 Rxa7 28. Nxc4
Qc5 29. Ne3 Ra3 30. Ne2 Rba8 31. Qb2 R8a4 32. Qc2 Ne7 33. Nd1 Nc8 34. Nb2 Ra8
35. Nd3 Qc7 36. f4 exf4 37. Ndxf4 Nb6 38. d6 Qc5 39. e5 Qxe5 40. Bxa8 Rxa8 41.
Nd4 Nc4 42. Re2 Qxd6 43. Nxb5 Bxb5 44. Rxb5 g5 45. Ng2 Nh5 46. Qe4 Qxg3+ 47.
Kg1 Ra1+ 48. Re1 Rxe1+ 49. Qxe1 Qxe1+ 50. Nxe1 Nf4 51. Kh2 Kf8 52. Nf3 Ke7 53.
Nd4 Nd6 54. Ra5 Kf6 55. Nc2 Ke6 56. Ne3 f5 57. c4 Nd3 58. c5 Nb7 59. Ra6+ Ke5
60. c6 Nd6 61. c7 Nc8 62. Ra8 1-0

[Event "Glorney Cup"]
[Site "Paisley"]
[Date "2018.07.18"]
[Round "5.7"]
[White "Camp, Imogen A L"]
[Black "Shafi, Declan"]
[Result "0-1"]
[WhiteElo "1874"]
[BlackElo "2177"]
[PlyCount "168"]
[EventDate "2018.??.??"]
[WhiteClock "0:06:21"]
[BlackClock "0:04:17"]

1. d4 Nf6 2. Nf3 g6 3. Bf4 Bg7 4. e3 O-O 5. Bd3 d6 6. h3 b6 7. O-O Bb7 8. Bg3
Ne4 9. Bh2 Nd7 10. Nbd2 Ndf6 11. Nxe4 Nxe4 12. Nd2 Nxd2 13. Qxd2 c5 14. c3 e5
15. Be2 Qg5 16. d5 f5 17. Rad1 f4 18. exf4 exf4 19. Bg4 Be5 20. Qe2 Kg7 21. Qf3
Rae8 22. Bd7 Re7 23. Ba4 Bc8 24. Rfe1 Qh4 25. Rd2 g5 26. Bd1 Qh6 27. Qh5 Qf6
28. Bc2 h6 29. Be4 Bd7 30. Qd1 Rh8 31. Bf3 Be8 32. g3 Kf8 33. Bg2 Rg7 34. Qc2
h5 35. Qd3 Bd7 36. Qc4 f3 37. Bf1 g4 38. h4 Bf5 39. Bd3 Rb7 40. Bxf5 Qxf5 41.
a4 Kg7 42. Qb5 Qd7 43. Qc4 Re8 44. Re4 Bf6 45. Rd1 Rxe4 46. Qxe4 Qe7 47. Qf5
Qe5 48. Qc8 Re7 49. Rf1 Qxd5 50. a5 bxa5 51. Qa6 c4 52. Kh1 Rb7 53. Bg1 Bd8 54.
Re1 Bb6 55. b4 axb4 56. Rd1 Qxd1 57. Qxb7+ Kf6 58. Qh7 Qd5 59. Qh6+ Ke7 60.
Qh7+ Kd8 61. cxb4 Bd4 62. Qh6 Kc7 63. Qh7+ Kb6 64. Qd7 Qc6 65. Qd8+ Kb7 66.
Qe7+ Ka6 67. Qg5 Qb5 68. Qd2 Be5 69. Qa2+ Kb6 70. Qd2 a5 71. bxa5+ Qxa5 72.
Qe3+ Qc5 73. Qg5 Bd4 74. Qd8+ Kb5 75. Qb8+ Ka4 76. Qa8+ Kb3 77. Qb7+ Kc2 78.
Qe4+ Kb2 79. Qb7+ Kc1 80. Qa6 c3 81. Qf1+ Kd2 82. Qa1 c2 83. Qa2 Kd1 84. Qb3
Ke1 0-1

[Event "Glorney Cup"]
[Site "Paisley"]
[Date "2018.07.18"]
[Round "5.8"]
[White "Volland, Ben"]
[Black "Evans, James"]
[Result "1-0"]
[WhiteElo "1887"]
[BlackElo "1559"]
[PlyCount "71"]
[EventDate "2018.??.??"]
[WhiteClock "0:05:31"]
[BlackClock "0:22:53"]

1. c4 Nf6 2. g3 e6 3. Bg2 c5 4. Nf3 d6 5. Nc3 Nc6 6. d4 cxd4 7. Nxd4 Bd7 8. O-O
a6 9. e4 Qc7 10. Be3 Be7 11. Nxc6 Bxc6 12. Qb3 Nd7 13. Rfd1 O-O 14. Rac1 b6 15.
Nd5 exd5 16. cxd5 Nc5 17. Bxc5 dxc5 18. dxc6 Rad8 19. e5 b5 20. f4 Rxd1+ 21.
Qxd1 Rd8 22. Bd5 c4 23. Qf3 Qa5 24. Rd1 Bc5+ 25. Kh1 Bb6 26. Qe4 Qxa2 27. e6
fxe6 28. Qxe6+ Kh8 29. Re1 h6 30. Qf7 Qxb2 31. Re8+ Rxe8 32. Qxe8+ Kh7 33. Be4+
g6 34. Bxg6+ Kg7 35. Qf7+ Kh8 36. Qh7# 1-0

[Event "Glorney Cup"]
[Site "Paisley"]
[Date "2018.07.18"]
[Round "5.9"]
[White "Sanger, Jake M"]
[Black "Fowler, Caspian"]
[Result "0-1"]
[WhiteElo "1841"]
[BlackElo "1404"]
[PlyCount "66"]
[EventDate "2018.??.??"]

1. e4 e6 2. d4 d5 3. e5 c5 4. c3 Nc6 5. Nf3 Bd7 6. Be2 Qb6 7. a3 cxd4 8. cxd4
Nge7 9. b4 Ng6 10. Be3 Be7 11. O-O Rc8 12. Nbd2 f6 13. exf6 Bxf6 14. Nb3 Nd8
15. Rc1 Rxc1 16. Qxc1 Bb5 17. Re1 Bxe2 18. Rxe2 Qa6 19. Re1 b6 20. h3 O-O 21.
Qb2 Nf7 22. Rc1 Nd6 23. Qa2 Nc4 24. a4 Nxe3 25. fxe3 Qd3 26. Re1 Rc8 27. Nbd2
Bh4 28. Nxh4 Rc2 29. Qb1 Qxd2 30. Rd1 Qf2+ 31. Kh1 Nxh4 32. Rg1 Nf3 33. Qf1
Qxg1+ 0-1

[Event "Glorney Cup"]
[Site "Paisley"]
[Date "2018.07.18"]
[Round "5.10"]
[White "Pannwitz, Kai"]
[Black "Dreyfus, Jacques"]
[Result "1-0"]
[WhiteElo "1779"]
[BlackElo "1953"]
[PlyCount "21"]
[EventDate "2018.??.??"]
[WhiteClock "1:21:21"]
[BlackClock "1:16:57"]

1. d4 Nf6 2. Nf3 g6 3. Nc3 Bg7 4. e4 d6 5. Be3 O-O 6. Qd2 a5 7. Bh6 c6 8. h4 b5
9. h5 Nxh5 10. Rxh5 gxh5 11. Qg5 1-0

[Event "Glorney Cup"]
[Site "Paisley"]
[Date "2018.07.18"]
[Round "5.11"]
[White "Onslow, Alfie"]
[Black "Lutard, Theo"]
[Result "1/2-1/2"]
[WhiteElo "2006"]
[BlackElo "2210"]
[PlyCount "69"]
[EventDate "2018.??.??"]

1. e4 e6 2. d4 d5 3. Nd2 c5 4. exd5 Qxd5 5. Ngf3 cxd4 6. Bc4 Qd6 7. O-O Nf6 8.
Nb3 Nc6 9. Nbxd4 Nxd4 10. Nxd4 Bd7 11. c3 Be7 12. Qf3 Qc7 13. Bb3 Bd6 14. h3
O-O 15. Bg5 Bh2+ 16. Kh1 Be5 17. Rfe1 Bxd4 18. cxd4 Bc6 19. Qe3 Nd5 20. Bxd5
Bxd5 21. Rac1 Qb6 22. b3 a5 23. Rc3 Rfe8 24. Bf4 Bc6 25. Be5 Qd8 26. Qf4 f6 27.
Bd6 Qd7 28. Bc5 Rac8 29. Rg3 Kh8 30. Qg4 Qf7 31. Bb6 Ra8 32. Rc1 Rec8 33. Rgc3
Qg6 34. Qxg6 hxg6 35. Rc5 1/2-1/2

[Event "Glorney Cup"]
[Site "Paisley"]
[Date "2018.07.18"]
[Round "5.12"]
[White "Hingouet, Matthieu"]
[Black "Forster, Matthew"]
[Result "1-0"]
[WhiteElo "2209"]
[BlackElo "1940"]
[PlyCount "65"]
[EventDate "2018.??.??"]
[WhiteClock "0:07:52"]
[BlackClock "0:16:11"]

1. d4 d5 2. c4 dxc4 3. Nf3 Nf6 4. e3 Bg4 5. Bxc4 e6 6. h3 Bh5 7. g4 Bg6 8. Ne5
a6 9. Nc3 c5 10. Nxg6 hxg6 11. Bf1 Nc6 12. Bg2 cxd4 13. exd4 Bb4 14. O-O Qc7
15. g5 Nh5 16. d5 Rd8 17. Qa4 exd5 18. Nxd5 Rxd5 19. Bxd5 a5 20. a3 Bd6 21.
Re1+ Kf8 22. Qe4 Ne7 23. Bd2 Nf4 24. Bxf4 Bxf4 25. Kg2 Rh5 26. h4 Rxh4 27. Rh1
Bxg5 28. Rxh4 Bxh4 29. Qxh4 Nxd5 30. Qh8+ Ke7 31. Re1+ Kf6 32. Qh4+ Kf5 33.
Qe4+ 1-0

[Event "Glorney Cup"]
[Site "Paisley"]
[Date "2018.07.18"]
[Round "5.13"]
[White "Harman, George"]
[Black "Weisman, Nathan"]
[Result "0-1"]
[WhiteElo "1515"]
[BlackElo "2003"]
[PlyCount "96"]
[EventDate "2018.??.??"]
[WhiteClock "0:11:29"]
[BlackClock "0:01:21"]

1. e4 c5 2. Nf3 e6 3. d4 cxd4 4. Nxd4 Nf6 5. Nc3 d6 6. Be3 Be7 7. Be2 Nc6 8.
Qd2 O-O 9. O-O-O a6 10. h4 Bd7 11. g4 d5 12. exd5 Nxd5 13. Nxd5 exd5 14. g5 Rc8
15. a3 Ne5 16. Nf3 Ba4 17. Qxd5 Nxf3 18. Bxf3 Bxc2 19. Qxd8 Bxd8 20. Bxb7 Bxd1+
21. Bxc8 Bf3 22. Re1 Ba5 23. b4 Rxc8+ 24. Kb2 Bc7 25. Bc5 Rd8 26. Re7 Bf4 27.
Kb3 Bd1+ 28. Kc4 Ba4 29. Ra7 Bb5+ 30. Kb3 h6 31. gxh6 Bxh6 32. a4 Rd3+ 33. Kc2
Rd2+ 34. Kb3 Be2 35. a5 Bb5 36. Ra8+ Kh7 37. Ra7 Rd7 38. Ra8 Rd3+ 39. Kc2 Rh3
40. Rb8 Bc4 41. Be7 Rh2 42. Kc3 Bf1 43. Kd4 Rxf2 44. Kd5 Re2 45. Bd6 Rd2+ 46.
Kc5 Be3+ 47. Kc6 Rxd6+ 48. Kxd6 Bf4+ 0-1

[Event "Glorney Cup"]
[Site "Paisley"]
[Date "2018.07.18"]
[Round "5.14"]
[White "Naillou, Thomas"]
[Black "Gogna, Avi"]
[Result "1-0"]
[WhiteElo "2008"]
[BlackElo "1512"]
[PlyCount "59"]
[EventDate "2018.??.??"]
[WhiteClock "0:40:28"]
[BlackClock "1:10:51"]

1. e4 c5 2. d4 cxd4 3. c3 d3 4. Bxd3 e6 5. Nf3 a6 6. c4 Nc6 7. Nc3 Qc7 8. O-O
Nf6 9. h3 Be7 10. b3 b6 11. Bb2 d6 12. Rc1 Qd8 13. Qe2 Bb7 14. Rfd1 Nd7 15. Bb1
Qb8 16. Na4 O-O 17. e5 Rd8 18. exd6 Bf6 19. Bxf6 Nxf6 20. Nxb6 Ra7 21. c5 Nb4
22. Ne5 Nc6 23. Ng4 Nxg4 24. Qxg4 Ne5 25. Bxh7+ Kxh7 26. Qh5+ Kg8 27. Qxe5 Bc6
28. Rd4 Qb7 29. Rg4 f6 30. Qxf6 1-0